<?xml version="1.0" encoding="UTF-8"?><?xml-stylesheet type="text/xsl" href="static/style.xsl"?><OAI-PMH xmlns="http://www.openarchives.org/OAI/2.0/" xmlns:xsi="http://www.w3.org/2001/XMLSchema-instance" xsi:schemaLocation="http://www.openarchives.org/OAI/2.0/ http://www.openarchives.org/OAI/2.0/OAI-PMH.xsd"><responseDate>2026-04-17T06:52:01Z</responseDate><request verb="GetRecord" identifier="oai:www.recercat.cat:2445/173581" metadataPrefix="marc">https://recercat.cat/oai/request</request><GetRecord><record><header><identifier>oai:recercat.cat:2445/173581</identifier><datestamp>2025-12-05T12:49:05Z</datestamp><setSpec>com_2072_1057</setSpec><setSpec>col_2072_478917</setSpec><setSpec>col_2072_478918</setSpec></header><metadata><record xmlns="http://www.loc.gov/MARC21/slim" xmlns:dcterms="http://purl.org/dc/terms/" xmlns:xsi="http://www.w3.org/2001/XMLSchema-instance" xmlns:doc="http://www.lyncode.com/xoai" xsi:schemaLocation="http://www.loc.gov/MARC21/slim http://www.loc.gov/standards/marcxml/schema/MARC21slim.xsd">
   <leader>00925njm 22002777a 4500</leader>
   <datafield ind2=" " ind1=" " tag="042">
      <subfield code="a">dc</subfield>
   </datafield>
   <datafield ind2=" " ind1=" " tag="720">
      <subfield code="a">Comellas, Pere, 1965-</subfield>
      <subfield code="e">author</subfield>
   </datafield>
   <datafield ind2=" " ind1=" " tag="260">
      <subfield code="c">2021-02-01T14:53:40Z</subfield>
   </datafield>
   <datafield ind2=" " ind1=" " tag="260">
      <subfield code="c">2021-02-01T14:53:40Z</subfield>
   </datafield>
   <datafield ind2=" " ind1=" " tag="260">
      <subfield code="c">2016</subfield>
   </datafield>
   <datafield ind2=" " ind1=" " tag="260">
      <subfield code="c">2021-02-01T14:53:40Z</subfield>
   </datafield>
   <datafield ind2=" " ind1=" " tag="520">
      <subfield code="a">«As línguas são fascinantes»: com essa frase inicia Carlos Alberto Faraco sua extensa monografia sobre a história do português. Trata-se de um ponto de partida que vai impregnar boa parte deste trabalho também fascinante. Porque Faraco evita quase sempre uma das grandes tentações dos que falam sobre alguma das línguas demograficamente maiores do mundo - com uma história que com frequência tem permitido arroubos desmesurados (à par, é preciso também reconhecê-lo, de declarações depressivas dificilmente compreensíveis para aqueles que falamos línguas «pequenas»): o chauvinismo linguístico. Desde o início, o autor lembra-nos a impossibilidade de falar da história de uma língua isoladamente, sem referência às outras, àquelas com as que compartilhou falantes e/ou espaço. Porque não há língua que não tenha estado em contato com outras, muito menos, evidentemente, uma língua com uma longa história colonial...</subfield>
   </datafield>
   <datafield tag="653" ind2=" " ind1=" ">
      <subfield code="a">Ressenyes (Documents)</subfield>
   </datafield>
   <datafield tag="653" ind2=" " ind1=" ">
      <subfield code="a">Reviews (Documents)</subfield>
   </datafield>
   <datafield tag="653" ind2=" " ind1=" ">
      <subfield code="a">Faraco, C. Alberto (Carlos Alberto). História sociopolítica da língua portuguesa</subfield>
   </datafield>
   <datafield ind2="0" ind1="0" tag="245">
      <subfield code="a">Recensión de Carlos Alberto Faraco, História sociopolítica da língua portuguesa, São Paulo: Parábola, 2016</subfield>
   </datafield>
</record></metadata></record></GetRecord></OAI-PMH>